Tabla înmulțirii 12 x 12 – sprint de două minute - Statistics

General Stats
  • This quiz has been taken 16 times
  • The average score is 121 of 144
Answer Stats
# % Correct
1
100%
10
100%
12
100%
14
100%
15
100%
16
100%
18
100%
2
100%
20
100%
21
100%
24
100%
25
100%
3
100%
30
100%
36
100%
4
100%
42
100%
5
100%
6
100%
64
100%
7
100%
72
100%
8
100%
9
100%
22
86%
27
86%
28
86%
33
86%
35
86%
40
86%
44
86%
48
86%
49
86%
50
86%
55
86%
100
71%
11
71%
45
71%
54
71%
56
71%
60
71%
63
71%
66
71%
70
71%
77
71%
80
71%
81
71%
90
71%
32
57%
110
43%
120
43%
121
43%
84
43%
88
43%
99
43%
108
29%
132
29%
144
29%
96
29%
No matching quizzes found
Score Distribution
Percent of People with Each Score
Percentile by Number Answered
Your Score History
You have not taken this quiz